[Event "GBR-ch85"]
[Site "Torquay"]
[Date "1998.08.01"]
[Round "6.23"]
[White "Buckley, Simon"]
[Black "Rayner, Francis"]
[Result "1/2-1/2"]
[WhiteElo "2120"]
[BlackElo "2235"]
[PlyCount "82"]
[EventDate "1998.07.27"]
[EventType "swiss"]
[EventRounds "11"]
[EventCountry "GBR"]
[SourceTitle "BritBase Aug 2004"]

1. e4 c5 2. Nc3 Nc6 3. Nge2 e6 4. g3 Nf6 5. Bg2 Be7 6. d3 d5 7. exd5 exd5 8.
O-O d4 9. Ne4 O-O 10. Nf4 Ne5 11. Re1 Re8 12. h3 Rb8 13. Bd2 Bd7 14. Ng5 Bf8
15. Nd5 Bc6 16. Nxf6+ Qxf6 17. Bxc6 bxc6 18. b3 h6 19. Ne4 Qg6 20. Bf4 Qf5 21.
Kg2 Re6 22. Nd2 Rbe8 23. Bxe5 Rxe5 24. Rxe5 Qxe5 25. Nc4 Qd5+ 26. Qf3 Re2 27.
Rc1 Be7 28. Qxd5 cxd5 29. Kf1 Re6 30. Nd2 Bg5 31. Rd1 Kf8 32. Nf3 Bf6 33. Nd2
Ke7 34. Re1 Kd6 35. Rxe6+ fxe6 36. Ke2 Kc6 37. f4 Kb5 38. Kf3 Kb4 39. Nb1 c4
40. Kg4 a5 41. Kh5 e5 1/2-1/2

[Event "GBR-ch85"]
[Site "Torquay"]
[Date "1998.08.01"]
[Round "6.24"]
[White "Jackson, Adrian"]
[Black "Mutton, Jonathan"]
[Result "1-0"]
[WhiteElo "2225"]
[BlackElo "2135"]
[PlyCount "65"]
[EventDate "1998.07.27"]
[EventType "swiss"]
[EventRounds "11"]
[EventCountry "GBR"]
[SourceTitle "BritBase"]
[Source "britbase.info"]
[SourceDate "2021.07.30"]
[SourceVersion "1"]
[SourceVersionDate "2021.07.30"]
[SourceQuality "1"]

1. e4 c5 2. Nf3 d6 3. d4 cxd4 4. Nxd4 Nf6 5. Nc3 a6 6. Bg5 e6 7. f4 Be7 8. Qf3
Qc7 9. O-O-O Nbd7 10. g4 b5 11. Bxf6 Nxf6 12. g5 Nd7 13. f5 Ne5 14. Qg3 Bd7 15.
h4 Rc8 16. Bh3 Qc4 17. Kb1 g6 18. fxe6 fxe6 19. Nce2 Nf7 20. Nf4 Nd8 21. Rh2
O-O 22. h5 Kg7 23. hxg6 hxg6 24. b3 Qc3 25. Rd3 Qc5 26. Nd5 Rf7 27. Bxe6 Nxe6
28. Qh3 Rf1+ 29. Kb2 Nxg5 30. Qxd7 Rf7 31. Rc3 Qxd4 32. Qxc8 Nxe4 33. Qh8# 1-0

[Event "GBR-ch85"]
[Site "Torquay"]
[Date "1998.08.01"]
[Round "6.27"]
[White "Forbes, Cathy"]
[Black "Ledger, David"]
[Result "1-0"]
[WhiteElo "2110"]
[BlackElo "2220"]
[PlyCount "111"]
[EventDate "1998.07.27"]
[EventType "swiss"]
[EventRounds "11"]
[EventCountry "GBR"]
[SourceTitle "BritBase"]
[Source "britbase.info"]
[SourceDate "2021.07.30"]
[SourceVersion "1"]
[SourceVersionDate "2021.07.30"]
[SourceQuality "1"]

1. d4 Nf6 2. Nf3 g6 3. Nbd2 d5 4. e3 Bg7 5. Be2 O-O 6. O-O c6 7. Ne5 Nfd7 8. f4
f6 9. Nef3 e5 10. c4 e4 11. Ne1 f5 12. cxd5 cxd5 13. b3 Nf6 14. Ba3 Rf7 15. h3
h5 16. Rc1 Be6 17. Nb1 Ne8 18. Nc2 Nd7 19. Qd2 Bf6 20. Nc3 Rh7 21. Nb5 Nf8 22.
Bc5 g5 23. Qb4 Ng6 24. Nd6 gxf4 25. Nxe8 Qxe8 26. exf4 Nh4 27. Ne3 Qg6 28. Rf2
Rg7 29. Bd6 Rd8 30. Rc7 Rxc7 31. Bxc7 Rc8 32. Be5 Bxe5 33. dxe5 Qf7 34. g3 Ng6
35. Bxh5 Rd8 36. Qd4 Qh7 37. Bxg6 Qxg6 38. Kh2 b6 39. g4 fxg4 40. hxg4 Rd7 41.
f5 Qh6+ 42. Kg1 Rh7 43. Kf1 Qh1+ 44. Ke2 Qb1 45. fxe6 Rh1 46. Nf1 Qxa2+ 47. Qd2
Qa6+ 48. Ke3 Rh3+ 49. Kf4 Rd3 50. Qb4 Qb7 51. e7 Kf7 52. Kg5+ Rf3 53. Rxf3+
exf3 54. e6+ Ke8 55. Qd6 f2 56. Qd8# 1-0

[Event "GBR-ch85"]
[Site "Torquay"]
[Date "1998.08.01"]
[Round "6.30"]
[White "Richards, Heather"]
[Black "Rendle, Thomas"]
[Result "1-0"]
[WhiteElo "2130"]
[BlackElo "1848"]
[PlyCount "55"]
[EventDate "1998.07.27"]
[EventType "swiss"]
[EventRounds "11"]
[EventCountry "GBR"]
[SourceTitle "BritBase"]
[Source "britbase.info"]
[SourceDate "2021.07.30"]
[SourceVersion "1"]
[SourceVersionDate "2021.07.30"]
[SourceQuality "1"]

1. e4 e6 2. d4 d5 3. Nc3 Nf6 4. Bg5 Be7 5. e5 Nfd7 6. Bxe7 Qxe7 7. f4 a6 8. Nf3
c5 9. dxc5 Nc6 10. Bd3 Qxc5 11. Qe2 b5 12. g3 Bb7 13. Qf2 Qb4 14. Rb1 d4 15. a3
Qa5 16. b4 Qxa3 17. Ne4 O-O 18. Qd2 Qa2 19. O-O h6 20. Nd6 Rab8 21. Be4 Nd8 22.
Ra1 Qb2 23. Nxb7 Rxb7 24. Bxb7 Nxb7 25. Nxd4 Rc8 26. Rfb1 Qc3 27. Qxc3 Rxc3 28.
Rxa6 1-0

[Event "GBR-ch85"]
[Site "Torquay"]
[Date "1998.08.01"]
[Round "6.32"]
[White "Coleman, David"]
[Black "Barton, R Alan"]
[Result "1-0"]
[WhiteElo "2245"]
[BlackElo "2180"]
[PlyCount "91"]
[EventDate "1998.07.27"]
[EventType "swiss"]
[EventRounds "11"]
[EventCountry "GBR"]
[SourceTitle "BritBase"]
[Source "britbase.info"]
[SourceDate "2021.07.30"]
[SourceVersion "1"]
[SourceVersionDate "2021.07.30"]
[SourceQuality "1"]

1. e4 d5 2. exd5 Qxd5 3. Nc3 Qa5 4. d4 c6 5. Bc4 Nf6 6. Bd2 Bf5 7. Qf3 e6 8.
Qg3 Qd8 9. Nge2 Bg6 10. f3 Bd6 11. Qf2 Qc7 12. O-O-O Nbd7 13. Bg5 h6 14. Bh4
Nb6 15. Bd3 Bxd3 16. Rxd3 g5 17. Bg3 Bxg3 18. hxg3 O-O-O 19. Nb1 Kb8 20. Nd2
Nfd5 21. Rb3 f5 22. Kb1 Nf6 23. Rc1 e5 24. c4 Qe7 25. c5 Nbd7 26. Nc4 Ka8 27.
Nd6 Rb8 28. Ra3 a6 29. Qe3 f4 30. Qd3 Qh7 31. Ne4 Ka7 32. Rc4 Nxe4 33. fxe4
exd4 34. Qxd4 Rhe8 35. Rca4 Rbd8 36. gxf4 Nf6 37. Qb4 Rxe4 38. Rxa6+ Kb8 39.
Ra8+ Kc7 40. Qb6+ Kd7 41. Qxd8+ Ke6 42. Qd6+ Kf7 43. Rf8+ Kg6 44. Rxf6+ Kh5 45.
Rxh6+ Qxh6 46. Rh3+ 1-0

[Event "GBR-ch85"]
[Site "Torquay"]
[Date "1998.08.01"]
[Round "6.33"]
[White "Leech, Aiden"]
[Black "Cooper, Andrew G"]
[Result "0-1"]
[WhiteElo "2145"]
[BlackElo "2145"]
[PlyCount "102"]
[EventDate "1998.07.27"]
[EventType "swiss"]
[EventRounds "11"]
[EventCountry "GBR"]
[SourceTitle "BritBase Aug 2004"]

1. e4 e6 2. d4 d5 3. e5 c5 4. c3 Bd7 5. Nf3 Qb6 6. Be2 Bb5 7. c4 Bxc4 8. Bxc4
dxc4 9. d5 Nd7 10. O-O O-O-O 11. Na3 f6 12. Nxc4 Qa6 13. Qe2 exd5 14. Nd6+ Bxd6
15. Qxa6 bxa6 16. exd6 Nb6 17. Bf4 g5 18. Bg3 Nh6 19. Rac1 c4 20. b3 Nf5 21.
bxc4 dxc4 22. Nd2 Nxg3 23. hxg3 Rxd6 24. Nxc4 Nxc4 25. Rxc4+ Kb8 26. Rb1+ Rb6
27. Rbc1 Rd8 28. g4 Rd7 29. Rc8+ Kb7 30. Rf8 a5 31. Rc5 Ka6 32. Rf5 Rd1+ 33.
Kh2 Rd2 34. R8xf6 Rxa2 35. Rf7 h6 36. Re7 Rab2 37. Rff7 Rb7 38. Re6+ R2b6 39.
Rff6 Rxe6 40. Rxe6+ Rb6 41. Re4 Kb5 42. f4 gxf4 43. Rxf4 a4 44. Rf5+ Kb4 45.
Rf4+ Kb3 46. Rf3+ Kc2 47. Rf2+ Kd1 48. Kg3 Ra6 49. Kh4 a3 50. Ra2 Ra5 51. Kg3
Kc1 0-1

[Event "GBR-ch85"]
[Site "Torquay"]
[Date "1998.08.03"]
[Round "7.4"]
[White "Rowson, Jonathan"]
[Black "Summerscale, Aaron"]
[Result "1-0"]
[WhiteElo "2495"]
[BlackElo "2455"]
[PlyCount "97"]
[EventDate "1998.07.27"]
[EventType "swiss"]
[EventRounds "11"]
[EventCountry "GBR"]
[SourceTitle "BritBase"]
[Source "britbase.info"]
[SourceDate "2021.07.30"]
[SourceVersion "1"]
[SourceVersionDate "2021.07.30"]
[SourceQuality "1"]

1. c4 c6 2. Nc3 e5 3. e4 d6 4. d4 Nd7 5. Nf3 Ngf6 6. Be2 Be7 7. O-O O-O 8. Be3
a6 9. d5 c5 10. Ne1 Ne8 11. Qd2 g6 12. Nd3 Ng7 13. Bh6 Kh8 14. Kh1 Nf6 15. f4
Qc7 16. fxe5 dxe5 17. Bg5 Nge8 18. Rad1 Ng8 19. Bxe7 Qxe7 20. Na4 b5 21. cxb5
axb5 22. Naxc5 Rxa2 23. Nb4 Qxc5 24. Nxa2 Nd6 25. Qb4 Qxb4 26. Nxb4 Nxe4 27. d6
Bd7 28. Bf3 Ng5 29. Bc6 Bg4 30. Rd5 f6 31. Rxe5 Nf7 32. Rd5 Rd8 33. Rd4 Be2 34.
Re1 Bc4 35. Red1 Ngh6 36. Be4 Ng4 37. R1d2 Nge5 38. Nc6 Rd7 39. Nb8 Rd8 40. Nc6
Rd7 41. Kg1 Kg7 42. Na5 Nd8 43. b3 Be6 44. Rb4 Ndf7 45. Nb7 f5 46. Nc5 Rxd6 47.
Rxd6 Nxd6 48. Nxe6+ Kf6 49. Bd5 1-0

[Event "GBR-ch85"]
[Site "Torquay"]
[Date "1998.08.03"]
[Round "7.5"]
[White "Hebden, Mark"]
[Black "Martin, Andrew D"]
[Result "1-0"]
[WhiteElo "2590"]
[BlackElo "2445"]
[PlyCount "93"]
[EventDate "1998.07.27"]
[EventType "swiss"]
[EventRounds "11"]
[EventCountry "GBR"]
[SourceTitle "BritBase"]
[Source "britbase.info"]
[SourceDate "2021.07.30"]
[SourceVersion "1"]
[SourceVersionDate "2021.07.30"]
[SourceQuality "1"]

1. d4 d5 2. Nf3 Nf6 3. c4 e6 4. Bg5 Be7 5. e3 O-O 6. Nc3 h6 7. Bh4 b6 8. Bd3
Bb7 9. O-O c5 10. Qe2 cxd4 11. Nxd4 Nc6 12. Nxc6 Bxc6 13. Rfd1 Ne8 14. cxd5
exd5 15. Bxe7 Qxe7 16. Bb5 Bxb5 17. Qxb5 Nf6 18. Nxd5 Nxd5 19. Rxd5 Rfd8 20.
Rad1 Rxd5 21. Qxd5 Rc8 22. g3 Rc2 23. Qf5 Rc7 24. Rd4 g6 25. Qd3 Qf6 26. Qe4
Kg7 27. Rd2 Kh7 28. Kg2 h5 29. b3 Rc5 30. h4 a5 31. Qb7 Qe6 32. Qd7 Qxd7 33.
Rxd7 Kg7 34. Rd6 Rb5 35. Kf3 Kf8 36. Rd4 Ke7 37. e4 f5 38. Rd5 fxe4+ 39. Kxe4
Rb4+ 40. Kd3 a4 41. Rd4 Rb5 42. Rxa4 g5 43. hxg5 Rxg5 44. Rd4 Ke6 45. a4 b5 46.
a5 Rc5 47. a6 1-0

[Event "GBR-ch85"]
[Site "Torquay"]
[Date "1998.08.03"]
[Round "7.6"]
[White "Wells, Peter K"]
[Black "Lane, Gary William"]
[Result "1-0"]
[WhiteElo "2515"]
[BlackElo "2405"]
[PlyCount "63"]
[EventDate "1998.07.27"]
[EventType "swiss"]
[EventRounds "11"]
[EventCountry "GBR"]
[SourceTitle "BritBase"]
[Source "britbase.info"]
[SourceDate "2021.07.30"]
[SourceVersion "1"]
[SourceVersionDate "2021.07.30"]
[SourceQuality "1"]

1. e4 e5 2. Nf3 Nc6 3. d4 exd4 4. Nxd4 Nf6 5. Nxc6 bxc6 6. e5 Qe7 7. Qe2 Nd5 8.
c4 Nb6 9. Nd2 a5 10. g3 Ba6 11. b3 O-O-O 12. Bb2 f6 13. exf6 gxf6 14. Qxe7 Bxe7
15. Bh3 h5 16. O-O-O Rdf8 17. Nf3 Bc5 18. Nh4 Rf7 19. f4 Kb8 20. Rhe1 Bc8 21.
Kc2 Kb7 22. Bc3 Bb4 23. Bg2 d6 24. a3 Bxc3 25. Kxc3 f5 26. c5 dxc5 27. Re5 Nd7
28. Rxf5 Rxf5 29. Nxf5 Nf6 30. Ne7 Bd7 31. Rxd7 Nxd7 32. Bxc6+ 1-0

[Event "GBR-ch85"]
[Site "Torquay"]
[Date "1998.08.03"]
[Round "7.7"]
[White "Ledger, Andrew"]
[Black "Ward, Christopher G"]
[Result "0-1"]
[WhiteElo "2450"]
[BlackElo "2505"]
[PlyCount "118"]
[EventDate "1998.07.27"]
[EventType "swiss"]
[EventRounds "11"]
[EventCountry "GBR"]
[SourceTitle "BritBase"]
[Source "britbase.info"]
[SourceDate "2021.07.30"]
[SourceVersion "1"]
[SourceVersionDate "2021.07.30"]
[SourceQuality "1"]

1. c4 b6 2. Nc3 Bb7 3. e4 c5 4. Nf3 d6 5. d4 cxd4 6. Nxd4 Nf6 7. Qe2 g6 8. g3
Bg7 9. Bg2 O-O 10. O-O Nbd7 11. Rd1 Qb8 12. b3 a6 13. Bb2 e6 14. a4 Qc7 15.
Rac1 Rfe8 16. Ba3 Bf8 17. Qb2 Rad8 18. Qb1 h5 19. h3 Qb8 20. Rc2 Qa8 21. Re2
Nc5 22. b4 Ncd7 23. Nc2 Ne5 24. Ne3 Rc8 25. c5 dxc5 26. f4 cxb4 27. Bxb4 Nc4
28. e5 Nxe3 29. Bxb7 Qxb7 30. Rxe3 Bxb4 31. Qxb4 Nd5 32. Nxd5 exd5 33. Red3 Qd7
34. Kg2 Rc2+ 35. R1d2 Rec8 36. Qd4 Rxd2+ 37. Rxd2 Rc5 38. a5 Rxa5 39. Qxb6 Ra1
40. Qb8+ Kh7 41. Qb3 Qa7 42. Rf2 Qd4 43. Qf3 Kg7 44. f5 gxf5 45. Qxf5 Qe4+ 46.
Qxe4 dxe4 47. h4 e3 48. Re2 Ra3 49. Kf3 a5 50. Kf4 Kg6 51. Rc2 a4 52. g4 hxg4
53. Kxg4 Rb3 54. h5+ Kg7 55. Kf3 Rb5 56. e6 fxe6 57. Rc7+ Kh6 58. Kxe3 Ra5 59.
Rc6 a3 0-1

[Event "GBR-ch85"]
[Site "Torquay"]
[Date "1998.08.03"]
[Round "7.8"]
[White "Levitt, Jonathan P"]
[Black "Conquest, Stuart"]
[Result "0-1"]
[WhiteElo "2430"]
[BlackElo "2490"]
[PlyCount "136"]
[EventDate "1998.07.27"]
[EventType "swiss"]
[EventRounds "11"]
[EventCountry "GBR"]
[SourceTitle "BritBase"]
[Source "britbase.info"]
[SourceDate "2021.07.30"]
[SourceVersion "1"]
[SourceVersionDate "2021.07.30"]
[SourceQuality "1"]

1. d4 f5 2. Nc3 Nf6 3. Bg5 d5 4. Bxf6 exf6 5. e3 Be6 6. Bd3 Nc6 7. Nge2 Qd7 8.
Nf4 Bf7 9. Qf3 Nb4 10. Bb5 Nxc2+ 11. Kd2 c6 12. Bxc6 bxc6 13. Kxc2 Bd6 14. Rac1
O-O 15. Kb1 Rfb8 16. Na4 Qe8 17. Ka1 a5 18. Nc5 a4 19. Rc3 Rb4 20. Rhc1 Rc4 21.
Nfd3 g6 22. h3 Kg7 23. g3 Bc7 24. a3 Ba5 25. R3c2 Qc8 26. h4 Rb8 27. Qe2 Bb6
28. Rh1 Qe8 29. Qd1 Ra8 30. Rc1 Ra7 31. Qf3 h5 32. Rhg1 Re7 33. Qd1 Qa8 34. Rc2
Bc7 35. Nb4 Bd6 36. Nbd3 Qa5 37. Qd2 Qb5 38. Rgc1 Re8 39. Qd1 Bc7 40. Ne1 Rb8
41. Ned3 Bd6 42. Rb1 Qa5 43. Ka2 Rb5 44. Qd2 Qa7 45. Ka1 Bg8 46. Rbc1 Qf7 47.
Rc3 Bc7 48. Qd1 Ba5 49. R3c2 Bb6 50. Rc3 Ba5 51. b4 axb3 52. Rxb3 Qa7 53. Kb2
Bb6 54. Rcc3 Bf7 55. Rxb5 cxb5 56. Rb3 Be8 57. Qf3 Qa5 58. Qe2 Kh7 59. Nb7 Qa7
60. Nbc5 Qe7 61. Qf3 Qd8 62. Ne6 Qd6 63. Ndc5 Bf7 64. Qf4 Qc6 65. Nf8+ Kg7 66.
Nfd7 Bc7 67. Nb8 Qb6 68. Nbd7 Qa5 0-1

[Event "GBR-ch85"]
[Site "Torquay"]
[Date "1998.08.03"]
[Round "7.9"]
[White "Arkell, Keith C"]
[Black "Kennaugh, Charles"]
[Result "1-0"]
[WhiteElo "2475"]
[BlackElo "2290"]
[PlyCount "157"]
[EventDate "1998.07.27"]
[EventType "swiss"]
[EventRounds "11"]
[EventCountry "GBR"]
[SourceTitle "BritBase"]
[Source "britbase.info"]
[SourceDate "2021.07.30"]
[SourceVersion "1"]
[SourceVersionDate "2021.07.30"]
[SourceQuality "1"]

1. d4 Nf6 2. Nf3 g6 3. c4 Bg7 4. g3 O-O 5. Bg2 d5 6. O-O Nc6 7. Nbd2 Ne4 8.
cxd5 Nxd2 9. Bxd2 Nxd4 10. Nxd4 Bxd4 11. Qc2 e6 12. e3 Be5 13. f4 Bg7 14. dxe6
Bxe6 15. Bc3 c6 16. e4 Qb6+ 17. Kh1 f5 18. Bxg7 Kxg7 19. Qc3+ Kg8 20. exf5 Bxf5
21. Rfe1 Rae8 22. h3 h5 23. Rad1 Kh7 24. b4 Qf2 25. a4 Bc8 26. h4 Bg4 27. Rc1
Bd7 28. Rcd1 Bg4 29. Rc1 Bd7 30. b5 cxb5 31. axb5 Qb6 32. Qb4 Qxb5 33. Re7+ Kh6
34. Qxb5 Bxb5 35. Rxb7 a6 36. Rcc7 Rh8 37. Bf3 Rc8 38. Rf7 Rcf8 39. f5 Rxf7 40.
Rxf7 gxf5 41. Rxf5 Be8 42. Rf6+ Kg7 43. Rxa6 Rh6 44. Ra5 Bf7 45. Kg2 Rh8 46.
Kf2 Kh6 47. Ra6+ Kg7 48. Ke3 Rb8 49. Ra5 Rb6 50. Ra7 Rb5 51. Bc6 Rc5 52. Be4
Kf6 53. Ra6+ Be6 54. Bd3 Kf7 55. Kf4 Bg4 56. Be4 Rb5 57. Rd6 Ra5 58. Rb6 Rc5
59. Bd3 Bd1 60. Bg6+ Kg7 61. Bf5 Kf7 62. Be6+ Ke7 63. Bg8 Kf8 64. Bh7 Kg7 65.
Be4 Kf7 66. Bg6+ Ke7 67. Bf5 Kf7 68. Ra6 Rb5 69. Be6+ Ke7 70. Rc6 Kf8 71. Rc7
Bg4 72. Bxg4 Rb4+ 73. Ke3 Rxg4 74. Kf3 Rg6 75. Rc5 Rf6+ 76. Ke4 Rh6 77. Kf5 Ra6
78. Kf4 Rh6 79. Kg5 1-0

[Event "GBR-ch85"]
[Site "Torquay"]
[Date "1998.08.03"]
[Round "7.12"]
[White "Hunt, Adam"]
[Black "Basman, Michael John"]
[Result "1/2-1/2"]
[WhiteElo "2265"]
[BlackElo "2360"]
[PlyCount "115"]
[EventDate "1998.07.27"]
[EventType "swiss"]
[EventRounds "11"]
[EventCountry "GBR"]
[SourceTitle "BritBase"]
[Source "britbase.info"]
[SourceDate "2021.07.30"]
[SourceVersion "1"]
[SourceVersionDate "2021.07.30"]
[SourceQuality "1"]

1. e4 a6 2. d4 b5 3. Bd3 Bb7 4. Nf3 Nf6 5. Qe2 e6 6. O-O c5 7. c3 Nc6 8. Nbd2
cxd4 9. cxd4 Nb4 10. Bb1 Qc7 11. Nb3 Qc4 12. Re1 Rc8 13. Ne5 Qxe2 14. Rxe2 d6
15. Nd3 d5 16. Ndc5 Bxc5 17. Nxc5 Ba8 18. e5 Nd7 19. Nb3 Rc4 20. Be3 O-O 21. a3
Nc6 22. f4 a5 23. Bd3 Rb8 24. Bxc4 dxc4 25. Nd2 a4 26. Ne4 Ne7 27. Nc3 h5 28.
g3 Bc6 29. Kf2 Nb6 30. h3 Nbd5 31. Nxd5 Bxd5 32. g4 Be4 33. gxh5 Bd3 34. Rd2
Bf5 35. Rg1 Kh7 36. Rdd1 b4 37. axb4 Rxb4 38. Rd2 Nd5 39. Re2 c3 40. bxc3 Nxc3
41. Bd2 Nxe2 42. Bxb4 Nxf4 43. Kf3 Nxh5 44. h4 Bd3 45. Rc1 f5 46. Rc7 Be4+ 47.
Ke3 Bd5 48. Ra7 Bb3 49. d5 Bxd5 50. Rxa4 f4+ 51. Kf2 Kg6 52. Bf8 Kf5 53. Ra7 g6
54. Bg7 Ng3 55. Rf7+ Kg4 56. Bh6 Nf5 57. Rxf5 Kxf5 58. Bg7 1/2-1/2

[Event "GBR-ch85"]
[Site "Torquay"]
[Date "1998.08.03"]
[Round "7.13"]
[White "Bates, Richard A"]
[Black "Buckley, Graeme"]
[Result "1-0"]
[WhiteElo "2395"]
[BlackElo "2295"]
[PlyCount "83"]
[EventDate "1998.07.27"]
[EventType "swiss"]
[EventRounds "11"]
[EventCountry "GBR"]
[SourceTitle "BritBase"]
[Source "britbase.info"]
[SourceDate "2021.07.30"]
[SourceVersion "1"]
[SourceVersionDate "2021.07.30"]
[SourceQuality "1"]

1. e4 c5 2. Nf3 e6 3. d4 cxd4 4. Nxd4 Nf6 5. Nc3 d6 6. Be2 Be7 7. O-O Nc6 8.
Be3 O-O 9. f4 e5 10. Nb3 exf4 11. Bxf4 Be6 12. Bf3 Rc8 13. Kh1 Re8 14. Qe1 Nd7
15. Rd1 Nde5 16. Be2 a6 17. Qg3 Bh4 18. Qe3 Qc7 19. Nd4 Nxd4 20. Qxd4 Be7 21.
Nd5 Bxd5 22. Qxd5 Bf6 23. c3 Rcd8 24. Rd2 Re6 25. Bd1 Qe7 26. Bb3 Ng6 27. Re2
Be5 28. g3 h5 29. Qd3 Rf6 30. Ref2 Qd7 31. Bg5 Rxf2 32. Rxf2 Rf8 33. Qf3 Qh3
34. Bxf7+ Kh8 35. Bxg6 Rxf3 36. Rxf3 Qc8 37. Rf7 Kg8 38. Re7 Kf8 39. Re8+ Qxe8
40. Bxe8 Kxe8 41. Bf4 Bxf4 42. gxf4 1-0

[Event "GBR-ch85"]
[Site "Torquay"]
[Date "1998.08.03"]
[Round "7.16"]
[White "Pert, Richard G"]
[Black "Lalic, Susan"]
[Result "1/2-1/2"]
[WhiteElo "2240"]
[BlackElo "2350"]
[PlyCount "24"]
[EventDate "1998.07.27"]
[EventType "swiss"]
[EventRounds "11"]
[EventCountry "GBR"]
[SourceTitle "BritBase Aug 2004"]

1. e4 c6 2. d4 d5 3. Nd2 dxe4 4. Nxe4 Bf5 5. Ng3 Bg6 6. Nf3 Nf6 7. Ne5 Nbd7 8.
Nxg6 hxg6 9. c3 Qc7 10. Bc4 e6 11. Qf3 Bd6 12. Bb3 O-O-O 1/2-1/2

[Event "GBR-ch85"]
[Site "Torquay"]
[Date "1998.08.03"]
[Round "7.17"]
[White "Knott, Simon"]
[Black "Osborne, Marcus E"]
[Result "1-0"]
[WhiteElo "2340"]
[BlackElo "2205"]
[PlyCount "91"]
[EventDate "1998.07.27"]
[EventType "swiss"]
[EventRounds "11"]
[EventCountry "GBR"]
[SourceTitle "BritBase"]
[Source "britbase.info"]
[SourceDate "2021.07.30"]
[SourceVersion "1"]
[SourceVersionDate "2021.07.30"]
[SourceQuality "1"]

1. c4 e6 2. Nc3 d5 3. d4 c5 4. cxd5 cxd4 5. Qa4+ Bd7 6. Qxd4 exd5 7. Qxd5 Nc6
8. Qd1 Bc5 9. e3 Nf6 10. a3 Qe7 11. Be2 O-O 12. Nf3 Rfd8 13. O-O Bg4 14. Qc2
Rac8 15. Rd1 Bd6 16. g3 Ne5 17. Nxe5 Qxe5 18. Bxg4 Nxg4 19. h3 Nf6 20. e4 Qa5
21. Kg2 h5 22. Be3 h4 23. g4 g5 24. Bd4 Be5 25. Bxe5 Qxe5 26. Qe2 Re8 27. Re1
Rc5 28. Rad1 b5 29. Qe3 Rc4 30. Qxa7 Nxe4 31. Rd5 Qe6 32. Rxg5+ Nxg5 33. Rxe6
Nxe6 34. Qd7 Rd8 35. Qxb5 Rc5 36. Qb6 Rd3 37. Qb8+ Rd8 38. Qb6 Rd3 39. Qb8+ Rd8
40. Qa7 Rd3 41. Kh2 Rc4 42. Ne4 Kg7 43. Qa6 Rcd4 44. Qc6 Rb3 45. Nc5 Nd8 46.
Qc7 1-0

[Event "GBR-ch85"]
[Site "Torquay"]
[Date "1998.08.03"]
[Round "7.18"]
[White "Eames, Robert"]
[Black "Hinks-Edwards, Thomas"]
[Result "1/2-1/2"]
[WhiteElo "2232"]
[BlackElo "2315"]
[PlyCount "64"]
[EventDate "1998.07.27"]
[EventType "swiss"]
[EventRounds "11"]
[EventCountry "GBR"]
[SourceTitle "BritBase"]
[Source "britbase.info"]
[SourceDate "2021.07.30"]
[SourceVersion "1"]
[SourceVersionDate "2021.07.30"]
[SourceQuality "1"]

1. e4 Nf6 2. e5 Nd5 3. d4 d6 4. Nf3 g6 5. Bc4 Nb6 6. Bb3 Bg7 7. Qe2 Nc6 8. O-O
O-O 9. h3 Na5 10. Bg5 Nxb3 11. axb3 f6 12. Bh4 g5 13. Bg3 Bf5 14. Nc3 h6 15.
Rfd1 Bg6 16. Nh2 fxe5 17. dxe5 Qd7 18. Ng4 Qc6 19. Ne3 a6 20. Ned5 Nxd5 21.
Nxd5 Rae8 22. c4 e6 23. Ne3 Rd8 24. exd6 cxd6 25. Rd2 d5 26. Rad1 d4 27. Ng4 d3
28. Qe3 Bd4 29. Nxh6+ Kh7 30. Qxg5 Bf6 31. Qe3 Bd4 32. Qg5 Bf6 1/2-1/2

[Event "GBR-ch85"]
[Site "Torquay"]
[Date "1998.08.03"]
[Round "7.19"]
[White "Cobb, James E"]
[Black "Houska, Jovanka"]
[Result "1-0"]
[WhiteElo "2305"]
[BlackElo "2190"]
[PlyCount "97"]
[EventDate "1998.07.27"]
[EventType "swiss"]
[EventRounds "11"]
[EventCountry "GBR"]
[SourceTitle "BritBase Aug 2004"]

1. Nf3 d5 2. c4 c6 3. d4 Nf6 4. Qb3 e6 5. g3 Bd6 6. Bg2 Nbd7 7. O-O O-O 8. Nc3
b6 9. Re1 Bb7 10. e4 dxe4 11. Ng5 h6 12. Ngxe4 Bc7 13. c5 Nd5 14. Bd2 Rb8 15.
Qa3 a5 16. cxb6 N7xb6 17. Na4 Nc4 18. Qd3 Nxd2 19. Qxd2 e5 20. Nec5 exd4 21.
Qxd4 Bc8 22. a3 Qg5 23. h4 Qh5 24. Nc3 Nxc3 25. Qxc3 Bd8 26. Ne4 Be6 27. Rac1
Bd5 28. Rc2 Rb3 29. Qd2 a4 30. Nc5 Bxg2 31. Kxg2 Rb5 32. Qd6 Ba5 33. Re5 Qg4
34. Re4 Qf5 35. Rec4 Rd8 36. Qxc6 Rb6 37. Qe4 Qf6 38. Nxa4 Re6 39. Qf3 Qg6 40.
b4 Rd3 41. h5 Qh7 42. bxa5 g5 43. hxg6 Qxg6 44. Rg4 Rxf3 45. Rxg6+ fxg6 46.
Kxf3 Ra6 47. Rc5 Kg7 48. Nb6 h5 49. Nd5 1-0

[Event "GBR-ch85"]
[Site "Torquay"]
[Date "1998.08.03"]
[Round "7.20"]
[White "Wismayer, Clive"]
[Black "Dyce, Andrew"]
[Result "0-1"]
[WhiteElo "2125"]
[BlackElo "2295"]
[PlyCount "116"]
[EventDate "1998.07.27"]
[EventType "swiss"]
[EventRounds "11"]
[EventCountry "GBR"]
[SourceTitle "BritBase"]
[Source "britbase.info"]
[SourceDate "2021.07.30"]
[SourceVersion "1"]
[SourceVersionDate "2021.07.30"]
[SourceQuality "1"]

1. e4 c6 2. d4 d5 3. e5 c5 4. c3 Nc6 5. Be3 Nh6 6. Be2 Nf5 7. Nf3 cxd4 8. cxd4
Qb6 9. Nc3 e6 10. O-O Be7 11. Na4 Qa5 12. a3 g5 13. b4 Qd8 14. Nc5 a5 15. b5
Nb8 16. Qd2 Rg8 17. g4 Nxe3 18. Qxe3 Nd7 19. Rac1 Nf8 20. Rc2 Ng6 21. Rfc1 Nf4
22. Bf1 h5 23. h3 hxg4 24. hxg4 Rh8 25. Ne1 Kf8 26. f3 Kg7 27. Rh2 Rxh2 28.
Kxh2 Qh8+ 29. Kg1 Nh3+ 30. Bxh3 Qxh3 31. a4 b6 32. Ncd3 Bd7 33. Rc7 Rh8 34. Nf2
Qg3+ 35. Kf1 Rd8 36. Ned3 Kg6 37. Nc5 bxc5 38. dxc5 Rc8 39. Rxc8 Bxc8 40. c6 f6
41. Qa7 Bb4 42. exf6 Kxf6 43. Qh7 Bc5 44. Qh6+ Kf7 45. Qh7+ Kf8 46. Qh6+ Ke8
47. Qg6+ Kd8 48. Qxg5+ Kc7 49. Qd2 Qxf3 50. Qxa5+ Bb6 51. Qd2 e5 52. g5 Bf5 53.
Ke1 Qxf2+ 54. Qxf2 Bxf2+ 55. Kxf2 Bc2 56. Ke1 d4 57. a5 Bd3 58. g6 Bxb5 0-1

[Event "GBR-ch85"]
[Site "Torquay"]
[Date "1998.08.03"]
[Round "7.21"]
[White "Smith, Andrew Philip"]
[Black "Buckley, Simon"]
[Result "0-1"]
[WhiteElo "2290"]
[BlackElo "2120"]
[PlyCount "78"]
[EventDate "1998.07.27"]
[EventType "swiss"]
[EventRounds "11"]
[EventCountry "GBR"]
[SourceTitle "BritBase"]
[Source "britbase.info"]
[SourceDate "2021.07.30"]
[SourceVersion "1"]
[SourceVersionDate "2021.07.30"]
[SourceQuality "1"]

1. d4 Nf6 2. c4 g6 3. Nc3 Bg7 4. e4 d6 5. f3 O-O 6. Be3 c5 7. d5 e6 8. Qd2 exd5
9. cxd5 Na6 10. Bc4 Nc7 11. Nge2 Bd7 12. a4 Rb8 13. O-O a6 14. Bh6 Bxh6 15.
Qxh6 b5 16. axb5 axb5 17. Bd3 Re8 18. Ng3 b4 19. Nd1 Nb5 20. Ne3 Nd4 21. f4 Nb3
22. Ra7 Nd2 23. e5 Nxf1 24. exf6 Qxf6 25. Ngxf1 c4 26. Rxd7 cxd3 27. f5 Re4 28.
Nd2 Re5 29. Ndc4 Ra8 30. Nxe5 Qxe5 31. Qg5 d2 32. Rd8+ Rxd8 33. Qxd8+ Kg7 34.
f6+ Kh6 35. Qf8+ Kg5 36. h4+ Kf4 37. Qh6+ Ke4 38. Nd1 Kd3 39. Nf2+ Kc2 0-1